00591 2200217 4500001002100000005001500021035002000036245008300056100003100139250000600170300003100176700001400207260003800221082001200259084001800271020002200289650001100311990001700322990001700339990001700356INLIS00000000000033620181005041141 a0010-10180000261 aAjaran Tauhid Ahlussunnah /cSyaikh Muhammad Al Fudholi; Penerjemah, Taufiq AR0 aSyaikh Muhammad Al Fudholi a- a48 hlm. :bilus. ;c25 cm.0 aTaufiq AR aCirebon :bCV Gunung Djati,c2009 a297.211 a297.211 SYA a a978-979-197-995-5 aTauhid a01371/P/2018 a01372/P/2018 a01373/P/2018